First 25 US States - Statistics

General Stats
  • This quiz has been taken 24 times
  • The average score is 22 of 25
Answer Stats
Date Of Statehood State % Correct
3-15-1820 Maine
100%
7-26-1788 New York
100%
12-7-1787 Delaware
94%
12-10-1817 Mississippi
94%
8-10-1821 Missouri
94%
11-21-1789 North Carolina
94%
3-1-1803 Ohio
94%
5-29-1790 Rhode Island
94%
5-23-1788 South Carolina
94%
3-4-1791 Vermont
94%
6-25-1788 Virginia
94%
12-19-1819 Alabama
89%
1-9-1788 Connecticut
89%
1-2-1788 Georgia
89%
12-11-1816 Indiana
89%
6-1-1792 Kentucky
89%
4-30-1812 Louisiana
89%
4-28-1788 Maryland
89%
6-21-1788 New Hampshire
89%
12-18-1787 New Jersey
89%
12-12-1787 Pennsylvania
89%
6-15-1836 Arkansas
83%
12-3-1818 Illinois
83%
2-6-1788 Massachusetts
72%
6-1-1796 Tennessee
50%
No matching quizzes found
Score Distribution
Percent of People with Each Score
Percentile by Number Answered
Your Score History
You have not taken this quiz